| 000 | 00582nam a22001577a 4500 | ||
|---|---|---|---|
| 003 | OSt | ||
| 005 | 20150928160041.0 | ||
| 008 | 150928b xxu||||| |||| 00| 0 eng d | ||
| 040 | _cRUA | ||
| 082 | _aATM.Sp IEN 2003 B059 Or.1 | ||
| 100 |
_91500 _aIENG. KIMSRIEN. |
||
| 245 | _aRat management in prey chhor district kampong cham province, វិធានការកំចាត់កណ្តុរស្រែនៅស្រុកព្រៃឈរ ខេត្ដកំពង់ចាម | ||
| 260 |
_aPhnom Penh _bRUA _c2003 |
||
| 300 |
_a55p. _bill. _c29cm. |
||
| 942 |
_2ddc _cATMSP |
||
| 999 |
_c1410 _d1410 |
||